ARRUPE JESUIT UNIVERSITY

CORONAVIRUS -STOP THE SPREAD - CLEAN,DISINFECT,COVER

501 Latin verbs fully conjugated in all the tenses in a new easy-to-learn format, alphabetically arranged / (Record no. 120289)

MARC details
000 -LEADER
fixed length control field 01702cam a2200373 a 4500
001 - CONTROL NUMBER
control field 4909570
003 - CONTROL NUMBER IDENTIFIER
control field ARRUPE
005 - DATE AND TIME OF LATEST TRANSACTION
control field 20140326164209.0
008 - FIXED-LENGTH DATA ELEMENTS--GENERAL INFORMATION
fixed length control field 941129s1995 nyu 001 0 eng d
010 ## - LIBRARY OF CONGRESS CONTROL NUMBER
LC control number 94073692
020 ## - INTERNATIONAL STANDARD BOOK NUMBER
International Standard Book Number 0812090500
035 ## - SYSTEM CONTROL NUMBER
System control number (OCoLC)32513822
040 ## - CATALOGING SOURCE
Original cataloging agency WaS
Transcribing agency WaS
Modifying agency DLC
041 0# - LANGUAGE CODE
Language code of text/sound track or separate title eng
-- lat
042 ## - AUTHENTICATION CODE
Authentication code lccopycat
050 00 - LIBRARY OF CONGRESS CALL NUMBER
Classification number PA2158
Item number .P7 1995
082 00 - DEWEY DECIMAL CLASSIFICATION NUMBER
Classification number 478.2/421
Edition number 20
300 ## - PHYSICAL DESCRIPTION
Dimensions 23 cm.
100 1# - MAIN ENTRY--PERSONAL NAME
Personal name Prior, Richard E.
9 (RLIN) 9459
245 10 - TITLE STATEMENT
Title 501 Latin verbs fully conjugated in all the tenses in a new easy-to-learn format, alphabetically arranged /
Statement of responsibility, etc by Richard E. Prior, Joseph Wohlberg.
246 3# - VARYING FORM OF TITLE
Title proper/short title Five hundred one Latin verbs fully conjugated in all the tenses in a new easy-to-learn format, alphabetically arranged
246 3# - VARYING FORM OF TITLE
Title proper/short title Five hundred and one Latin verbs fully conjugated in all the tenses in a new easy-to-learn format, alphabetically arranged
260 ## - PUBLICATION, DISTRIBUTION, ETC. (IMPRINT)
Place of publication, distribution, etc Hauppauge, NY :
Name of publisher, distributor, etc Barron's Educational Series,
Date of publication, distribution, etc c1995.
300 ## - PHYSICAL DESCRIPTION
Extent ix, 548 p. ;
500 ## - GENERAL NOTE
General note Rev. ed. of: 201 Latin verbs fully conjugated in all the tenses, alphabetically arranged / Joseph Wohlberg.
500 ## - GENERAL NOTE
General note Includes indexes.
650 #0 - SUBJECT ADDED ENTRY--TOPICAL TERM
Topical term or geographic name as entry element Latin language
General subdivision Verb
-- Tables.
9 (RLIN) 9460
700 1# - ADDED ENTRY--PERSONAL NAME
Personal name Wohlberg, Joseph.
9 (RLIN) 9461
700 1# - ADDED ENTRY--PERSONAL NAME
Personal name Wohlberg, Joseph.
Title of a work 201 Latin verbs fully conjugated in all the tenses alphabetically arranged.
9 (RLIN) 9462
856 42 - ELECTRONIC LOCATION AND ACCESS
Materials specified Publisher description
Uniform Resource Identifier <a href="http://www.loc.gov/catdir/enhancements/fy0630/94073692-d.html">http://www.loc.gov/catdir/enhancements/fy0630/94073692-d.html</a>
906 ## - LOCAL DATA ELEMENT F, LDF (RLIN)
a 7
b cbc
c copycat
d 2
e opcn
f 19
g y-gencatlg
942 ## - ADDED ENTRY ELEMENTS (KOHA)
Source of classification or shelving scheme Library of Congress Classification
Koha item type Monograph ( Printed materials)
Holdings
Withdrawn status Lost status Source of classification or shelving scheme Damaged status Not for loan Collection code Home library Current library Shelving location Date acquired Total Checkouts Full call number Barcode Date last seen Price effective from Koha item type
    Library of Congress Classification     Main Collection ARRUPE LIBRARY ARRUPE LIBRARY Main Collection 26/03/2014   PA2158 .P7 1995 46500001857 27/03/2019 26/03/2014 Monograph ( Printed materials)

 

Arrupe Library. PO Box MP320 Mt Pleasant, Harare, Zimbabwe
263 242 745411|librarian@aju.ac.zw